Vedecký seminár Katedry poisťovníctva
Informácia o vedeckom seminári, konanom v rámci Týždňa vedy a techniky 2012 na pôde Ekonomickej u v Bratislave
Enregistré dans:
| Auteur principal: | |
|---|---|
| Format: | Chapitre de livre |
| Langue: | slovaque |
| Sujets: | |
| Tags: |
Pas de tags, Soyez le premier à ajouter un tag!
|
MARC
| LEADER | 00000nla a2200000 4500 | ||
|---|---|---|---|
| 001 | 0162621 | ||
| 005 | 20240502072821.7 | ||
| 041 | 0 | |a slo | |
| 044 | |a SK | ||
| 245 | 1 | 0 | |a Vedecký seminár Katedry poisťovníctva |c Zuzana Brokešová |
| 520 | |a Informácia o vedeckom seminári, konanom v rámci Týždňa vedy a techniky 2012 na pôde Ekonomickej u v Bratislave | ||
| 610 | 2 | 0 | |a semináre |
| 610 | 2 | 0 | |a poisťovníctvo |
| 610 | 2 | 0 | |a Ekonomická univerzita v Bratislave |
| 610 | 2 | 0 | |a 2012 |
| 100 | 1 | |a Brokešová, Zuzana, 1985- | |